[Event "Manila ol (Women)"]
[Site "Manila"]
[Date "1992.??.??"]
[Round "?"]
[White "Koskela, Niina"]
[Black "Bellin, Jana"]
[Result "1/2-1/2"]
[WhiteElo "2125"]
[BlackElo "2240"]

1.e4 c5 2.Nf3 e6 3.d4 cxd4 4.Nxd4 a6 5.Nc3 Qc7 6.g3 Bb4 7.Ne2 Nf6 8.Bg2 Be7
9.O-O Nc6 10.h3 d6 11.a4 Rb8 12.g4 b5 13.axb5 axb5 14.Ng3 b4 15.Nce2 Bb7
16.Kh1 O-O 17.f4 d5 18.f5 Nxe4 19.Nxe4 dxe4 20.Qe1 exf5 21.gxf5 Ne5 22.Bf4 Bd6
23.Qg3 f6 24.Nd4 Bd5 25.Rad1 Rfe8 26.Ne6 Bxe6 27.fxe6 Rxe6 28.Bxe4 Re7 29.Rd4 Bc5
30.Bd5+ Kh8 31.Re4 Rbe8 32.Rfe1 Qd7 33.Bb3 Ng6 34.Rxe7 Rxe7 35.Rxe7 Bxe7
36.Be3 Qd1+ 37.Kg2 Bd6 38.Qg4 Qxg4+ 39.hxg4 Ne5 40.Be6 g5 41.c3 bxc3 42.bxc3 Kg7
43.Bb6 h5 44.gxh5 Kh6 45.Bd8 Nd3 46.Kf3 Be5 47.c4 Kxh5 48.Bf5 Nc5 49.Be7 Nb3
50.Bb4 Nd4+ 51.Ke4 Nxf5 52.Kxf5 g4 53.Be1 g3 54.Bxg3 Bxg3 55.Kxf6  1/2-1/2

[Event "Manila ol (Women)"]
[Site "Manila"]
[Date "1992.??.??"]
[Round "?"]
[White "Dabrowska, Krystyna"]
[Black "Ioseliani, Nana"]
[Result "0-1"]
[WhiteElo "2325"]
[BlackElo "2445"]

1.e4 c5 2.Nf3 e6 3.d4 cxd4 4.Nxd4 a6 5.Nc3 Qc7 6.g3 Nc6 7.Bg2 Nf6 8.O-O d6
9.Re1 Bd7 10.Nxc6 bxc6 11.Qe2 e5 12.b3 Be7 13.a4 O-O 14.Ba3 Rfd8 15.Rad1 Bg4
16.f3 Be6 17.Kh1 Bf8 18.Rd2 g6 19.Nd1 Bg7 20.Bb2 h5 21.Bc3 Nd7 22.f4 d5 23.exd5 cxd5
24.Bxe5 Nxe5 25.fxe5 Rac8 26.Qxa6 h4 27.Qe2 hxg3 28.hxg3 d4 29.Nf2 Bh6 30.Rd3 Kg7
31.Bh3 Qc6+ 32.Kg1 Bxh3 33.Nxh3 Be3+ 34.Nf2 Re8 35.Rxe3 dxe3 36.Qxe3 Qxc2
37.Qf3 Qc3 38.Qf6+ Kg8 39.Kf1 Qxb3 40.Re4 Re6 41.Qf4 Qb1+ 42.Kg2 Qb7 43.Kh3 Kg7
44.Ng4 Rh8+ 45.Kg2 Qb2+ 46.Kf3 Rh5 47.Re2 Qb3+ 48.Kg2 Qd1 49.Qe4 Qh1+ 50.Kf2 Rf5+
51.Ke3 Qg1+ 52.Kd3 Qxg3+ 53.Re3 Qf4 54.Kc4 Qf1+ 55.Kc5 Rf4  0-1

[Event "Manila ol (Men)"]
[Site "Manila"]
[Date "1992.??.??"]
[Round "?"]
[White "Zagrebelny, Sergey"]
[Black "Vyzmanavin, Alexey"]
[Result "0-1"]
[WhiteElo "2440"]
[BlackElo "2590"]

1.e4 c5 2.Nf3 e6 3.Nc3 a6 4.d4 cxd4 5.Nxd4 Qc7 6.g3 Nf6 7.Bg2 Be7 8.O-O O-O
9.Be3 Nc6 10.Qe2 d6 11.Nxc6 bxc6 12.Na4 Rb8 13.c4 c5 14.Rad1 Bb7 15.Nc3 Nd7
16.f4 Rbd8 17.Qc2 Bf6 18.g4 Bxc3 19.bxc3 Nb6 20.Qe2 f5 21.Bf2 Qc6 22.Rfe1 fxg4
23.Qxg4 Rde8 24.e5 Rxf4 25.Qg3 Qxg2+ 26.Qxg2 Bxg2 27.Kxg2 d5 28.cxd5 Nxd5
29.Bxc5 Nxc3 30.Rd7 h5 31.h3 Nd5 32.Rb1 Rf7 33.Rxf7 Kxf7 34.Rb7+ Kg6 35.a3 Rc8
36.Bd6 Rc3 37.h4 Rc4 38.Kh3 Rg4 39.Bf8 Nf4+ 40.Kh2 Rxh4+ 41.Kg3 Rg4+ 42.Kf3 Kh7
43.Ra7 Nd5 44.Bd6 Rf4+ 45.Kg3 Kh6 46.Rxa6 h4+ 47.Kh2 Kg5 48.Ra7 g6 49.a4 Rf2+
50.Kg1 Ra2 51.a5 Kg4 52.Bc5 h3 53.Kf1 Kg3 54.Rb7 Rxa5 55.Rb3+ Kg4 56.Bf2 Nf4
57.Be3 Kf5  0-1

[Event "Manila ol (Men)"]
[Site "Manila"]
[Date "1992.??.??"]
[Round "?"]
[White "Nunez, A."]
[Black "Ipek, Ali"]
[Result "1/2-1/2"]
[WhiteElo "2340"]
[BlackElo "2255"]

1.e4 c5 2.Nf3 e6 3.d4 cxd4 4.Nxd4 a6 5.Nc3 Qc7 6.Be2 Nf6 7.O-O Nc6 8.Be3 b5
9.a3 Bb7 10.f4 d6 11.Bf3 Na5 12.e5 dxe5 13.Bxb7 Nxb7 14.fxe5 Qxe5 15.Qf3 Bc5
16.Qc6+ Nd7 17.Bf2 Bxd4 18.Qxb7 Rb8 19.Qxa6 O-O 20.Bxd4 Qxd4+ 21.Kh1 Nf6
22.Qc6 Ng4 23.Qf3 f5 24.Rad1 Qb6 25.Rde1 Rf6 26.h3 Rh6 27.Nd1 Rd8 28.Nf2 Nf6
29.Qe3 Qxe3 30.Rxe3 Nd5 31.Rb3 Nc7 32.Nd3 Rh4 33.Re1 Rc4 34.Re2 g5 35.Ne5 Rd1+
36.Kh2 Rc5 37.Rd3 Rd5 38.Rxd1 Rxd1 39.Nd3 Kf7 40.Re5 Nd5 41.Nc5 Rd2 42.Nxe6 Kf6
43.Re1 Rxc2 44.Nd4 Rxb2 45.Re6+ Kf7 46.Re5 Nf4 47.Rxf5+ Kg6 48.Rxb5 Rxg2+
49.Kh1 Ra2 50.Rb3 h5 51.Rb6+ Kf7 52.Rb7+ Kf6 53.Rb6+ Ke7 54.Rb3 h4 55.Re3+ Kf6
56.Nf3 Nxh3 57.Nxh4 Nf2+ 58.Kg1 Ng4 59.Rf3+ Ke6 60.Ng6 Nh6 61.Nf4+ gxf4 62.Rxf4 Ke5
63.Rf2 Rxa3 64.Kg2 Nf5 65.Kf1 Ke4 66.Rb2 Ne3+ 67.Ke2 Nd5 68.Rb8 Ra2+ 69.Kd1 Kd3
70.Rb3+ Nc3+ 71.Ke1 Rc2 72.Kf1 Ke3 73.Rb8 Nd5 74.Re8+ Kd3 75.Rd8 Kd4 76.Ke1 Ra2
77.Kf1 Ke4 78.Re8+ Kf3 79.Rf8+ Nf4 80.Ke1 Rh2 81.Kd1 Ke3 82.Re8+ Kd4 83.Rd8+ Nd5
84.Ke1 Ra2 85.Kf1 Ke4 86.Re8+ Kd4  1/2-1/2

[Event "Manila ol (Men)"]
[Site "Manila"]
[Date "1992.??.??"]
[Round "?"]
[White "Vouldis, Angelos"]
[Black "Dizdarevic, Emir"]
[Result "0-1"]
[WhiteElo "2230"]
[BlackElo "2505"]

1.e4 c5 2.Nf3 e6 3.d4 cxd4 4.Nxd4 a6 5.Nc3 Qc7 6.Bd3 Nf6 7.O-O Bc5 8.Nb3 Be7
9.f4 d6 10.e5 dxe5 11.fxe5 Qxe5 12.Bf4 Qh5 13.Be2 Qh4 14.g3 Qh3 15.Ne4 e5
16.Ng5 Qd7 17.Bxe5 Nc6 18.Bc3 h6 19.Nf3 O-O 20.Qxd7 Bxd7 21.Ne5 Nxe5 22.Bxe5 Bc6
23.Bf3 Rac8 24.Bxc6 Rxc6 25.c3 Nd7 26.Bd4 Re6 27.Rae1 Re8 28.Kf2 Bd6 29.Rxe6 Rxe6
30.Re1 Rxe1 31.Kxe1 f5 32.Ke2 Kf7 33.Na5 b6 34.Nc4 Bc7 35.a4 g5 36.Kf3 g4+
37.Kf2 h5 38.Ne3 Ke6 39.Nc4 h4 40.gxh4 Kd5 41.Ne3+ Ke4 42.Nf1 f4 43.h5 Kf5
44.h6 Kg6 45.Bg7 Nc5 46.Ke2 Nxa4 47.c4 Nc5 48.Nd2 f3+ 49.Ke3 Bxh2 50.Nf1 Bd6
51.Nd2 a5 52.Bd4 Kxh6 53.Bxc5 Bxc5+ 54.Kf4 Kh5 55.Ne4 Kh4  0-1

[Event "Manila ol (Men)"]
[Site "Manila"]
[Date "1992.??.??"]
[Round "?"]
[White "Van Riemsdijk, Herman C"]
[Black "Christiansen, Larry Mark"]
[Result "0-1"]
[WhiteElo "2440"]
[BlackElo "2595"]

1.e4 c5 2.Nf3 e6 3.d4 cxd4 4.Nxd4 a6 5.Nc3 Qc7 6.g3 Bb4 7.Ne2 Nf6 8.Bg2 O-O
9.Bf4 d6 10.a3 Bxc3+ 11.Nxc3 e5 12.Bg5 Nbd7 13.Qd2 h6 14.Bxf6 Nxf6 15.O-O-O Rd8
16.f4 Bg4 17.Rdg1 Rac8 18.h3 Bd7 19.Bf3 Qa5 20.g4 exf4 21.h4 Rc5 22.Qxf4 Rxc3
23.bxc3 Qxc3 24.g5 Rc8 25.Rg2 Ba4 26.Kd1 Bxc2+ 27.Ke2 Bd3+ 28.Kf2 Qd4+ 29.Kg3 Nxe4+
30.Kh2 Nxg5 31.Qxd4 Nxf3+ 32.Kg3 Nxd4 33.Rd2 Nf5+  0-1

[Event "Medellin m"]
[Site "Medellin"]
[Date "1992.??.??"]
[Round "1"]
[White "Garcia, Gildardo"]
[Black "Zapata, Alonso"]
[Result "1-0"]
[WhiteElo "2515"]
[BlackElo "2530"]

1.e4 c5 2.Nf3 e6 3.d4 cxd4 4.Nxd4 a6 5.Nc3 Qc7 6.Be2 b5 7.O-O Bb7 8.Bf3 Nc6
9.Nxc6 dxc6 10.e5 Qxe5 11.Re1 Qc7 12.Bh5 Nf6 13.Rxe6+ Be7 14.Ne4 Nxh5 15.Qxh5 O-O
16.Bf4 Qd7 17.Re5 Rad8 18.Re1 Bb4 19.Nf6+ gxf6 20.Rg5+  1-0

[Event "Medellin m"]
[Site "Medellin"]
[Date "1992.??.??"]
[Round "3"]
[White "Garcia, Gildardo"]
[Black "Zapata, Alonso"]
[Result "1-0"]
[WhiteElo "2515"]
[BlackElo "2530"]

1.e4 c5 2.Nf3 e6 3.d4 cxd4 4.Nxd4 a6 5.Nc3 Qc7 6.Be2 Nf6 7.O-O Nc6 8.Kh1 Be7
9.f4 d6 10.Be3 O-O 11.Qe1 Bd7 12.Qg3 Nxd4 13.Bxd4 Bc6 14.Rae1 b5 15.a3 Qb7
16.Bf3 Rfd8 17.Nd5 exd5 18.exd5 Be8 19.Rxe7 Qxe7 20.Re1 Qf8 21.Bxf6 Rd7 22.Be4 Rb7
23.Re3 Bd7 24.Qh4 g6 25.Be7 Qg7 26.Bf6 Qf8 27.f5 Re8 28.Bd4 h5 29.Qf6 Qh6
30.fxg6 fxg6 31.Bxg6  1-0

[Event "Medellin m"]
[Site "Medellin"]
[Date "1992.??.??"]
[Round "5"]
[White "Garcia, Gildardo"]
[Black "Zapata, Alonso"]
[Result "0-1"]
[WhiteElo "2515"]
[BlackElo "2530"]

1.e4 c5 2.Nf3 e6 3.d4 cxd4 4.Nxd4 a6 5.Nc3 Qc7 6.Be2 b5 7.O-O Bb7 8.Re1 Nc6
9.Nxc6 dxc6 10.e5 Bb4 11.Bd3 Ne7 12.Qg4 c5 13.Bg5 Ng6 14.Re3 c4 15.Bxg6 hxg6
16.Rd1 Bc5 17.Ne4 Bxe3 18.Nd6+ Kf8 19.fxe3 Kg8 20.Qd4 Bd5 21.e4 Bc6 22.Rf1 Rf8
23.Qc5 Qd7 24.h4 Rh5 25.g4 Rh7 26.Kg2 Rh8 27.Kg3 Kh7 28.Rf4 Rhg8 29.Rf2 Ba8
30.Rf4 Rc8 31.Nxc8 Rxc8 32.Rxf7 Qxf7 33.Qxc8 Bxe4 34.Bf4 Qa7 35.h5 Qg1+ 36.Kh4 g5+  0-1

[Event "Moscow Tal mem"]
[Site "Moscow"]
[Date "1992.??.??"]
[Round "?"]
[White "Pripis, Felixs L"]
[Black "Salov, Sergei"]
[Result "0-1"]
[WhiteElo "2320"]
[BlackElo "2240"]

1.e4 c5 2.Nf3 e6 3.d4 cxd4 4.Nxd4 a6 5.Nc3 Qc7 6.g3 Bb4 7.Ne2 Nf6 8.Bg2 Be7
9.O-O Nc6 10.Nf4 O-O 11.Nd3 d6 12.a4 Rb8 13.g4 b5 14.axb5 axb5 15.g5 Nd7
16.Ne2 Re8 17.Ng3 b4 18.Be3 Bf8 19.f4 g6 20.b3 Bg7 21.Ra2 f5 22.gxf6 Nxf6
23.Qe2 e5 24.f5 Nd4 25.Qd1 gxf5 26.Nxf5 Nxf5 27.exf5 d5 28.Ra7 Rb7 29.Ra8 d4
30.Bg5 Rb8 31.Rxb8 Qxb8 32.Nc5 Qb6 33.Ne4 Rf8 34.Kh1 Kh8 35.Qd3 Ba6 36.Qf3 Nxe4
37.Qxe4 Bxf1 38.Bxf1 Bf6 39.Bh6 Rc8 40.Bc4 Qc6 41.Qxc6 Rxc6 42.Bf8 Rb6 43.Bd3 Kg8
44.Bc5 Rb7 45.Bd6 Rg7 46.Bxb4 Rg4 47.h3 Rh4 48.Be1 Rxh3+ 49.Kg2 Rh5 50.b4 Rg5+
51.Kf3 Rg1 52.Bf2 Rb1 53.b5 h5 54.Ke4 h4 55.Bxh4 Bxh4 56.Kxe5 Rb4 57.Ke6 Kf8
58.Be2 Bg3 59.Bd3 Bb8 60.Be2 Ba7 61.Bd3 Rb1 62.Kd6 Rh1 63.Ke6 Rh6+ 64.Kd5 Ke7
65.Ke5 Rd6 66.Bc4 Bb8 67.Bd3 Rd8+ 68.Ke4 Kf6 69.Bc4 Ba7 70.Bd3 Rd7 71.Kf4 Re7
72.Bc4 Bb8+ 73.Kf3 Bc7 74.Bd3 Re3+ 75.Kf2 Ke5 76.Kg2 Rxd3 77.cxd3 Kxf5  0-1

[Event "Moscow3"]
[Site "Moscow"]
[Date "1992.??.??"]
[Round "?"]
[White "Lokasto, Anatol"]
[Black "Miezis, Normunds"]
[Result "0-1"]
[WhiteElo "2325"]
[BlackElo "2350"]

1.e4 c5 2.Nf3 e6 3.Nc3 a6 4.d4 cxd4 5.Nxd4 Qc7 6.g3 Bb4 7.Ne2 Nf6 8.Bg2 Nc6
9.O-O d6 10.b3 Bc5 11.Bb2 b5 12.h3 Bb7 13.Qd2 Ne5 14.a3 h5 15.Nf4 Qe7 16.Nd3 Bd4
17.Rfe1 Rc8 18.Nd1 Bxb2 19.N1xb2 Qc7 20.Nxe5 dxe5 21.c4 O-O 22.Rac1 Rfd8
23.Qe3 Qb8 24.cxb5 axb5 25.f3 Rd4 26.Rxc8+ Qxc8 27.Rc1 Qd8 28.Bf1 b4 29.a4 h4
30.g4 Nd7 31.Bd3 Nf8 32.Bc4 Ng6 33.Nd3 Qd6 34.Rc2 Ba6 35.Bxa6 Qxa6 36.Nf2 Nf4
37.Rd2 g5 38.Rxd4 exd4 39.Qd2 Qd6 40.Kf1 d3 41.Nxd3 Qxd3+ 42.Qxd3 Nxd3 43.a5 Nc5
44.Ke2 Kf8 45.Ke3 Ke7 46.f4 Kd6  0-1

[Event "Muenster"]
[Site "Muenster"]
[Date "1992.??.??"]
[Round "6"]
[White "Luecke, Norbert"]
[Black "Forintos, Gyozo V"]
[Result "1/2-1/2"]
[WhiteElo "2410"]
[BlackElo "2465"]

1.e4 c5 2.Nf3 e6 3.d4 cxd4 4.Nxd4 a6 5.Nc3 Qc7 6.Be2 b5 7.O-O Bb7 8.Bf3 Nc6
9.Re1 Ne5 10.Bf4 d6 11.a3 Nf6 12.Qe2 Be7 13.h3 O-O 14.Rad1 Rfe8 15.g4 Nfd7
16.Bg2 Nc4 17.Bc1 Nxa3 18.f4 Nc4 19.g5 b4 20.Nb1 Bf8 21.Nd2 Rac8 22.Nf1 e5
23.fxe5 dxe5 24.Nf5 Ndb6 25.Qd3 Na4 26.Qb3 Ncb6 27.Re2 Nc5 28.Qxb4 Nxe4 29.Qe1 Nc5
30.Qg3 Nc4 31.Nh6+ Kh8 32.Ng4 Bxg2 33.Qxg2 Qb6 34.Kh1 Nxb2 35.Rd5 Nc4 36.Nfe3 Qb1
37.Nxc4 Qxc1+ 38.Qg1 Qxg1+ 39.Kxg1 Ne6 40.Ncxe5 Nxg5 41.Kg2 f6 42.h4 Ne6
43.Nd3 Kg8 44.h5 Nc7 45.Rxe8 Rxe8 46.Rd7 Re7 47.Rd8 Kf7 48.Kf2 a5 49.Ne3 a4
50.Nf5 a3 51.Nxe7 Bxe7 52.Rd4 g6 53.Ra4 gxh5 54.c4 Ne6 55.Ra5 h4 56.c5 f5
57.c6 Kf6 58.Nf4 Nc7 59.Nd5+ Nxd5 60.Rxd5 a2  1/2-1/2

[Event "Muenster"]
[Site "Muenster"]
[Date "1992.??.??"]
[Round "8"]
[White "Schaefer, Markus"]
[Black "Schlosser, Michael"]
[Result "1-0"]
[WhiteElo "2435"]
[BlackElo "2385"]

1.e4 c5 2.Nf3 e6 3.d4 cxd4 4.Nxd4 a6 5.Nc3 Qc7 6.Bd3 Nf6 7.O-O Nc6 8.Be3 Ne5
9.h3 b5 10.Qe2 b4 11.Nb1 d5 12.Nd2 Bb7 13.Bg5 Be7 14.Rfe1 O-O 15.Rac1 Rfd8
16.N4b3 a5 17.exd5 Rxd5 18.Bxf6 Bxf6 19.Be4 a4 20.Bxd5 Bxd5 21.Nd4 Nc6 22.Nb5 Qb7
23.c4 bxc3 24.Nxc3 Nd4 25.Qf1 Qxb2 26.Nde4 Bxe4 27.Nxe4 Qxa2 28.Qa6 Rd8 29.Rc8 Qd5
30.Rxd8+ Qxd8 31.Rc1 Qd5 32.Rc8+ Bd8 33.Qd6  1-0

[Event "Munich op9192"]
[Site "Munich"]
[Date "1992.??.??"]
[Round "3"]
[White "Schmidt Schaeffer, Sebastian"]
[Black "Lenz, Thomas"]
[Result "1-0"]
[WhiteElo "2280"]
[BlackElo "2270"]

1.e4 c5 2.Nf3 e6 3.d4 cxd4 4.Nxd4 a6 5.Nc3 d6 6.f4 Nf6 7.Bd3 Qb6 8.Nb3 Nc6
9.Qf3 Qc7 10.Be3 g6 11.O-O-O Bg7 12.Kb1 O-O 13.g4 h6 14.h4 Nh7 15.h5 g5 16.e5 gxf4
17.Bxh7+ Kxh7 18.exd6 Qd8 19.Bxf4 e5 20.Bc1 Nd4 21.Qd3+ f5 22.Ne2 Nxb3 23.axb3 Bd7
24.Ng3 e4 25.Qe3 fxg4 26.Qxe4+ Kh8 27.Rhf1 Rxf1 28.Rxf1 Qh4 29.Qxb7 Rd8 30.Qc7 Bb5
31.Rf7  1-0

[Event "Munich op9192"]
[Site "Munich"]
[Date "1992.??.??"]
[Round "9"]
[White "Bachmayr, Peter"]
[Black "Gerstner, Wolfgang"]
[Result "1-0"]
[WhiteElo "2365"]
[BlackElo "2385"]

1.e4 c5 2.Nf3 e6 3.d4 cxd4 4.Nxd4 a6 5.Nc3 Qc7 6.Be3 b5 7.Bd3 Bb7 8.f4 Nf6
9.Qf3 Bb4 10.O-O Bxc3 11.bxc3 Qxc3 12.a4 bxa4 13.Rxa4 d5 14.e5 Ne4 15.Rb1 Qc7
16.Rab4 Nc5 17.Qg3 g6 18.f5 gxf5 19.Qg7 Rf8 20.Rxb7  1-0

[Event "ARG-ch sf1"]
[Site "Neuquen"]
[Date "1992.??.??"]
[Round "3"]
[White "Romero, Martin"]
[Black "Mavrich, Rolando"]
[Result "1-0"]
[WhiteElo "2240"]
[BlackElo "2245"]

1.e4 c5 2.Nf3 a6 3.Nc3 e6 4.d4 cxd4 5.Nxd4 Qc7 6.Bd3 Nc6 7.Nxc6 bxc6 8.O-O d5
9.Qe2 Nf6 10.Bg5 Bb7 11.Kh1 Bd6 12.Rae1 Nd7 13.f4 h6 14.Qh5 d4 15.e5 dxc3
16.exd6 Qxd6 17.Bc4 g6 18.Qh3 hxg5 19.Qxh8+ Ke7 20.Qg7 Nc5 21.fxg5 Rf8 22.b4  1-0

[Event "Norresundby op"]
[Site "Norresundby"]
[Date "1992.??.??"]
[Round "1"]
[White "Tolnai, Tibor"]
[Black "Nielsen, Uffe V"]
[Result "1-0"]
[WhiteElo "2490"]
[BlackElo "2295"]

1.e4 c5 2.Nf3 e6 3.d4 cxd4 4.Nxd4 a6 5.Nc3 Qc7 6.f4 b5 7.Qf3 Bb7 8.Bd3 Nc6
9.Be3 Nf6 10.g4 b4 11.Nce2 d5 12.e5 Ne4 13.Nxc6 Bxc6 14.Nd4 Be7 15.h4 Bb7
16.O-O-O O-O-O 17.Kb1 Kb8 18.g5 g6 19.h5 Nc5 20.Rh2 Qb6 21.Qf2 Rc8 22.Nb3 Rhf8
23.hxg6 hxg6 24.Rh7 Nxd3 25.Bxb6 Nxf2 26.Bxf2 Bc6 27.Rdh1 Ba4 28.Nd4 Bc5
29.b3 Bxd4 30.Bxd4 Bb5 31.R1h2 Rc7 32.Bb6 Rc6 33.Ba5 Rfc8 34.Bxb4 d4 35.Kb2 Bf1
36.Bd6+ Ka8 37.Rxf7 d3 38.cxd3 Bxd3 39.Rhh7  1-0

[Event "Norresundby op"]
[Site "Norresundby"]
[Date "1992.??.??"]
[Round "2"]
[White "Sorensen, Jan"]
[Black "Tolnai, Tibor"]
[Result "0-1"]
[WhiteElo "2400"]
[BlackElo "2490"]

1.e4 c5 2.Nf3 e6 3.d4 cxd4 4.Nxd4 a6 5.Nc3 Qc7 6.Be2 Nc6 7.O-O Nf6 8.Kh1 b5
9.Nxc6 dxc6 10.f4 b4 11.e5 bxc3 12.exf6 gxf6 13.b3 f5 14.Be3 c5 15.Qd3 Bb7
16.Bf3 Rg8 17.Rad1 Bxf3 18.Rxf3 Rd8 19.Qxd8+ Qxd8 20.Rxd8+ Kxd8 21.Bf2 Bd6
22.Rxc3 Bxf4 23.Rxc5 Kd7 24.Ra5 Rc8 25.c4 Rc6 26.c5 Bd2 27.Ra4 e5 28.Kg1 Ke6
29.Kf1 Kd5 30.Ke2 Bg5 31.Rb4 Be7 32.Rb7 Bxc5 33.Bxc5 Kxc5 34.Rxf7 Kd4 35.Rxf5 Rc2+
36.Kf1 e4 37.Rf2 Rc1+ 38.Ke2 Ra1 39.a4 Rb1 40.Rf6 Rb2+ 41.Kd1 a5 42.Ra6 Kd3
43.Rd6+ Ke3 44.Rd5 Rxb3 45.Rxa5 Rd3+ 46.Kc1 Ke2 47.Re5 e3 48.a5 Rd6 49.g4 Kf3
50.Kc2 e2 51.Rf5+ Kxg4 52.Re5 Kf3 53.a6 Rxa6 54.Rf5+ Ke4 55.Rf7 Ra2+ 56.Kb3 Ra1  0-1

[Event "Oberwart op"]
[Site "Oberwart"]
[Date "1992.??.??"]
[Round "3"]
[White "Holzer, Gerhard"]
[Black "Agrest, Evgenij"]
[Result "0-1"]
[WhiteElo "2235"]
[BlackElo "2470"]

1.e4 c5 2.Nf3 e6 3.Nc3 a6 4.d4 cxd4 5.Nxd4 d6 6.Be2 Nf6 7.O-O Nbd7 8.f4 b5
9.Bf3 Bb7 10.Qe1 Qc7 11.a3 g6 12.Kh1 e5 13.Nd5 Nxd5 14.exd5 Bg7 15.Nc6 O-O
16.Qa5 Rac8 17.Bd2 Qxa5 18.Bxa5 Rfe8 19.f5 gxf5 20.a4 bxa4 21.Rxa4 e4 22.Rb4 Bxc6
23.dxc6 Rxc6  0-1

[Event "Oberwart op"]
[Site "Oberwart"]
[Date "1992.??.??"]
[Round "5"]
[White "Vavra, Pavel"]
[Black "Kawaciukova, Zuzana"]
[Result "1-0"]
[WhiteElo "2325"]
[BlackElo "2115"]

1.e4 c5 2.Nf3 e6 3.d4 cxd4 4.Nxd4 a6 5.Nc3 Qc7 6.Bd3 Nf6 7.O-O b5 8.Be3 Bb7
9.a3 Nc6 10.Kh1 Be7 11.f4 d6 12.Qe2 O-O 13.g4 Na5 14.g5 Nd7 15.f5 exf5 16.Nxf5 Nc5
17.Nd5 Bxd5 18.exd5 Nxd3 19.Qxd3 Nc4 20.Qc3 f6 21.b3 Bd8 22.bxc4  1-0

[Event "Oberwart op"]
[Site "Oberwart"]
[Date "1992.??.??"]
[Round "8"]
[White "Neulinger, Manfred"]
[Black "Waldmann, Ivan"]
[Result "1/2-1/2"]
[WhiteElo "2220"]
[BlackElo "2305"]

1.e4 c5 2.Nf3 e6 3.d4 cxd4 4.Nxd4 a6 5.Nc3 d6 6.Bc4 Nf6 7.Bb3 Qc7 8.f4 Be7
9.f5 e5 10.Nde2 Nbd7 11.Bg5 O-O 12.Ng3 Rb8 13.O-O b5 14.Nh5 Bb7 15.Bxf6 Nxf6
16.Nd5 Bxd5 17.Nxf6+ Bxf6 18.Bxd5 b4 19.Kh1 Rbc8  1/2-1/2

[Event "Oostende op"]
[Site "Oostende"]
[Date "1992.??.??"]
[Round "7"]
[White "Tischbierek, Raj"]
[Black "Eingorn, Vereslav S"]
[Result "1/2-1/2"]
[WhiteElo "2495"]
[BlackElo "2590"]

1.e4 c5 2.Nf3 e6 3.d4 cxd4 4.Nxd4 a6 5.Nc3 Qc7 6.Bd3 Nf6 7.O-O Bc5 8.Nb3 Ba7
9.Bg5 Nc6 10.Kh1 d6 11.f4 Bd7 12.Bxf6 gxf6 13.Qh5 O-O-O 14.Qxf7 Rdf8 15.Qh5 Ne7
16.f5 exf5 17.exf5 Bc6 18.Be4 d5 19.Bf3 Rhg8 20.Rad1 Rg5 21.Qh3 Rfg8 22.Nd4 Bxd4
23.Rxd4 Qe5 24.Rfd1 Kb8 25.Nxd5 Nxd5 26.Bxd5 Rxg2 27.Qxg2 Rxg2 28.Kxg2 Qe2+  1/2-1/2

[Event "Orel"]
[Site "Orel"]
[Date "1992.??.??"]
[Round "?"]
[White "Kholmov, Ratmir D"]
[Black "Godes, A."]
[Result "0-1"]
[WhiteElo "2485"]
[BlackElo "2395"]

1.e4 c5 2.Nf3 e6 3.d4 cxd4 4.Nxd4 a6 5.Nc3 Qc7 6.g3 d6 7.Bg2 Nf6 8.O-O Be7
9.Qd2 O-O 10.b3 Bd7 11.Bb2 Nc6 12.Nd1 Nxd4 13.Bxd4 Bc6 14.Re1 e5 15.Bb2 b5
16.Rc1 Qb7 17.Qe2 Rac8 18.c4 Bd8 19.a3 bxc4 20.Qxc4 Bb5 21.Qb4 Bb6 22.Qd2 Rcd8
23.h3 Bc6 24.Qc2 Rc8 25.Qd3 Rfd8 26.b4 h6 27.Qb1 a5 28.bxa5 Bxa5 29.Re2 Rb8
30.Nc3 Qb3 31.Qa1 Rdc8 32.Kh2 h5 33.Nd1 h4 34.Bc3 hxg3+ 35.fxg3 Qc4 36.Bf1 Bxe4
37.Bd2 Qd5 38.Nc3 Bxc3 39.Bxc3 Qe6 40.Bb4 Bd3 41.Rd2 Bxf1 42.Rxf1 Ne4 43.Re2 Ng5
44.g4 Qb3 45.Bxd6 Qxh3+ 46.Kg1 Nf3+  0-1

[Event "RUS-ch"]
[Site "Orel"]
[Date "1992.??.??"]
[Round "?"]
[White "Landa, Konstantin"]
[Black "Tregubov, Pavel V"]
[Result "0-1"]
[WhiteElo "2440"]
[BlackElo "2385"]

1.e4 c5 2.Nf3 e6 3.Nc3 a6 4.d4 cxd4 5.Nxd4 Qc7 6.f4 b5 7.Bd3 Bb7 8.Qf3 Nf6
9.Be3 Nc6 10.g4 h5 11.g5 Ng4 12.Bg1 Nxd4 13.Bxd4 e5 14.fxe5 Bc5 15.e6 O-O
16.Bxc5 Qxc5 17.exd7 Qxg5 18.Qg3 f5 19.h4 Qh6 20.Qc7 Qe3+ 21.Ne2 Bxe4 22.Bxe4 fxe4
23.Qg3 Rad8 24.Qxe3 Nxe3 25.Kd2 Rf3 26.Rae1 Rxd7+ 27.Kc1 b4 28.c3 Rf2 29.cxb4 Ng2
30.Rd1 Rc7+ 31.Nc3 e3 32.Rd8+ Kf7 33.Kd1 Rxc3 34.bxc3 e2+ 35.Kc1 Rf1+  0-1

[Event "Osijek"]
[Site "Osijek"]
[Date "1992.??.??"]
[Round "4"]
[White "Leventic, Ivan"]
[Black "Dizdarevic, Emir"]
[Result "1/2-1/2"]
[WhiteElo "2400"]
[BlackElo "2505"]

1.e4 c5 2.Nf3 e6 3.d4 cxd4 4.Nxd4 a6 5.Nc3 Qc7 6.f4 b5 7.Qf3 Bb7 8.Bd3 Nc6
9.Be3 Nf6 10.Nxc6 dxc6 11.e5 c5 12.Qe2 c4 13.exf6 cxd3 14.cxd3 gxf6 15.f5 Rg8
16.Ne4 Bb4+ 17.Kf2 Qe5 18.Ng3 Rd8 19.fxe6 fxe6 20.Rhf1 Bc5 21.Bxc5 Qxc5+
22.Qe3 Rg5 23.Rfe1 Qxe3+ 24.Rxe3 Bd5 25.Ne4 Bxe4 26.Rxe4 Kf7 27.Rae1 Rd6
28.Rd1 h5 29.Rd2 Rgd5 30.Ke2 f5 31.Re3 Rd4 32.Rc2 Rg4 33.Kf2 Kf6 34.Rc8 Rb4
35.Rc2 Rh4 36.h3 Rhd4 37.Ke2 a5 38.Kd2 h4 39.Rc8 Rf4 40.Rc5 Rb6 41.b3 a4
42.Re2 Rd4 43.Re3 Rd8 44.Kc3 axb3 45.axb3 b4+ 46.Kc4 Rbd6 47.Rce5 Rc8+ 48.Kxb4 Rc2
49.Re2 Rxe2 50.Rxe2 Rxd3 51.Kc4 Rd8 52.b4  1/2-1/2

[Event "Ostrava"]
[Site "Ostrava"]
[Date "1992.??.??"]
[Round "1"]
[White "Gipslis, Aivars"]
[Black "Rublevsky, Sergei"]
[Result "1/2-1/2"]
[WhiteElo "2465"]
[BlackElo "2535"]

1.e4 c5 2.Nf3 e6 3.Nc3 a6 4.d4 cxd4 5.Nxd4 Qc7 6.Be2 Nf6 7.O-O Be7 8.f4 d6
9.Bf3 O-O 10.Be3 Nc6 11.Qe1 Nxd4 12.Bxd4 e5 13.Be3 b5 14.Qg3 Kh8 15.a3 Rb8
16.fxe5 dxe5 17.Bg5 Be6 18.Bxf6 Bxf6 19.Bg4 Rfd8 20.Bxe6 fxe6 21.Rad1 a5
22.Rxd8+ Rxd8 23.Qf2 b4 24.axb4 axb4 25.Nb5 Qc6 26.Qe2 Rb8 27.c4 bxc3 28.Nxc3 Qb6+
29.Qf2 Qxb2 30.Qxb2 Rxb2 31.Rb1 Rxb1+ 32.Nxb1 Be7 33.Nd2  1/2-1/2

[Event "Ostrava op"]
[Site "Ostrava"]
[Date "1992.??.??"]
[Round "3"]
[White "Shur, Mikhail"]
[Black "Efler, Lukas"]
[Result "1-0"]
[WhiteElo "2420"]
[BlackElo "2290"]

1.e4 c5 2.Nf3 e6 3.d4 cxd4 4.Nxd4 a6 5.Nc3 Qc7 6.Be2 Nf6 7.f4 Bb4 8.O-O Bxc3
9.bxc3 Qxc3 10.Rb1 Nxe4 11.Bf3 Nc5 12.Ne2 Qc4 13.Ba3 d5 14.Rb4 Qxa2 15.Qc1 a5
16.Rd4 Nc6 17.Nc3 Nb3 18.cxb3 Qxb3 19.Nxd5 exd5 20.Bxd5 Qb6 21.Bc5 Qc7 22.Qe3+ Ne7
23.Re4 Be6 24.Bxe6 O-O 25.Bxf7+ Rxf7 26.Bxe7 b5 27.f5 b4 28.Bc5 Qc6 29.Re6 Qd7
30.f6 Rc8 31.Re7 Qc6 32.Rxf7 Kxf7 33.Qe7+  1-0

[Event "Ostrava"]
[Site "Ostrava"]
[Date "1992.??.??"]
[Round "5"]
[White "Plachetka, Jan"]
[Black "Rublevsky, Sergei"]
[Result "1-0"]
[WhiteElo "2475"]
[BlackElo "2535"]

1.e4 c5 2.Nf3 e6 3.d4 cxd4 4.Nxd4 a6 5.Nc3 Qc7 6.g3 Nf6 7.Bg2 Be7 8.O-O O-O
9.Re1 d6 10.Be3 Nc6 11.Nxc6 bxc6 12.Na4 Rb8 13.c4 c5 14.b3 Nd7 15.f4 Bb7
16.Qc2 Bc6 17.Nc3 a5 18.Rad1 a4 19.bxa4 Qa5 20.Bd2 Qa8 21.a5 Bf6 22.a4 Bd4+
23.Kh1 Qxa5 24.Nb5 Qa6 25.Rb1 Nf6 26.a5 Rfd8 27.h3 Bf2 28.Rf1 Bxg3 29.Nxd6 Rxb1
30.Rxb1 Qa8 31.Be3 Rxd6 32.e5 Rd8 33.exf6 gxf6 34.Bxc6 Qxc6+ 35.Qg2 Qxg2+
36.Kxg2 Rd3 37.Bxc5 Bxf4 38.a6 Be5 39.a7 Rd8 40.Bb6 Rd2+ 41.Kf3 Ra2 42.Be3  1-0

[Event "Osuna op"]
[Site "Osuna"]
[Date "1992.??.??"]
[Round "1"]
[White "Diaz, Augusto"]
[Black "Ionov, Sergey"]
[Result "0-1"]
[WhiteElo "2245"]
[BlackElo "2500"]

1.e4 c5 2.Nf3 e6 3.d4 cxd4 4.Nxd4 a6 5.Nc3 b5 6.Be2 Bb7 7.f3 Qc7 8.a3 Nf6
9.Be3 Be7 10.Qd3 O-O 11.f4 d6 12.Bf3 Nbd7 13.Nb3 Rfd8 14.Qe2 Nb6 15.Na5 Na4
16.Nxb7 Nxc3 17.bxc3 Qxb7 18.Bd4 Rac8 19.O-O Qc7 20.Qe3 Nd7 21.e5 dxe5 22.fxe5 Bc5
23.Kh1 Nb6 24.Bxc5 Qxc5 25.Qf4 Rd7 26.Be4 Nc4 27.Rae1 Qxa3 28.Rd1 Qe7 29.h4 Rc5
30.Bf3 Nxe5 31.Rxd7 Nxd7 32.Rd1 Ne5 33.Qe4 g6 34.h5 Nxf3 35.gxf3 Rxh5+  0-1

[Event "Oviedo rapid45"]
[Site "Oviedo"]
[Date "1992.??.??"]
[Round "2"]
[White "Sanz Alonso, Francisco Javier"]
[Black "Ruiz, J."]
[Result "1/2-1/2"]
[WhiteElo "2410"]
[BlackElo "2280"]

1.e4 c5 2.Nf3 e6 3.d4 cxd4 4.Nxd4 a6 5.Nc3 Qc7 6.f4 Nc6 7.Nf3 Bc5 8.Bd3 Nge7
9.Qe2 b5 10.Be3 Bb4 11.O-O Bxc3 12.bxc3 O-O 13.a4 bxa4 14.Rxa4 f5 15.Qf2 fxe4
16.Bxe4 Nf5 17.Bb6 Qb7 18.c4 Rb8 19.Bc5 d6 20.Ba3 Qd7 21.Rd1 Ne5 22.fxe5 Qxa4
23.Bxd6 Nxd6 24.exd6 Qxc4 25.Qe3 Bd7 26.Ne5 Qa4  1/2-1/2

[Event "Pardubice op"]
[Site "Pardubice"]
[Date "1992.??.??"]
[Round "2"]
[White "Mrva, Martin"]
[Black "Tunik, Gennady"]
[Result "1/2-1/2"]
[WhiteElo "2315"]
[BlackElo "2480"]

1.e4 c5 2.Nf3 e6 3.d4 cxd4 4.Nxd4 a6 5.Nc3 Qc7 6.Be2 Nc6 7.O-O Nf6 8.a4 Bb4
9.Nxc6 bxc6 10.Qd4 Bd6 11.g3 O-O 12.f4 e5 13.Qf2 Bb4 14.Bf3 d6 15.Be3 exf4
16.gxf4 Bg4 17.Bd4 Bxf3 18.Qxf3 Nd7 19.Qg4 f6 20.Rad1 Rae8 21.Qf3 Bxc3 22.Bxc3 Nc5
23.Rd4 f5 24.exf5 Rxf5 25.Qg4 g6 26.b3 Re3 27.Bb2 Qe7 28.Rd2 Re4 29.Rg2 Qe6
30.Qh4 Nd7 31.Qd8+ Nf8 32.Qh4 d5 33.Rgf2 d4 34.Ba3 c5 35.Qd8 Qc6 36.Bc1 Re8
37.Qh4 c4 38.bxc4 Qxa4 39.c5 Qb4 40.c6 Qc5 41.Bb2 Re4 42.Qd8 Qxc6 43.Bxd4 Rd5
44.Qf6 Qxf6 45.Bxf6 Rf5 46.Be5 a5 47.Ra1 a4 48.c4 g5 49.Rxa4 gxf4 50.Bd6 Ne6
51.Ra8+ Kf7 52.Ra7+ Kg6 53.Rg2+ Kh6 54.c5 Nxc5 55.Bxc5 Rxc5 56.Rgg7 Kh5 57.Rxh7+ Kg4
58.Kf2 Rc2+ 59.Kf1 Rec4 60.Rag7+ Kf5 61.Re7 Rb4 62.Re2 Rcb2 63.Rhe7 Kg4 64.Kf2  1/2-1/2